| Tag |
First Indicator |
Second Indicator |
Subfields |
| LEADER |
00000cam a2200000 4500 |
| 001 |
in00000035961 |
| 005 |
20151007063555.0 |
| 008 |
720728c19631959enk 00000 eng u |
| 010 |
|
|
|a 59003258
|
| 035 |
|
|
|a (OCoLC)00368183
|
| 035 |
|
|
|9 AAD7713AM
|
| 040 |
|
|
|c WSU
|d TXA
|d UtOrBLW
|
| 049 |
|
|
|a TXAM
|c [365624]
|
| 050 |
|
0 |
|a PR9864
|b .B8
|
| 092 |
|
|
|a 821.08
|b B985b
|
| 100 |
1 |
|
|a Butler, Guy,
|d 1918-2001.
|
| 245 |
1 |
2 |
|a A book of South African verse.
|
| 264 |
|
1 |
|a London :
|b Oxford University Press,
|c [1963]
|
| 264 |
|
4 |
|c [©1959]
|
| 300 |
|
|
|a 228 pages
|
| 336 |
|
|
|a text
|b txt
|2 rdacontent
|
| 337 |
|
|
|a unmediated
|b n
|2 rdamedia
|
| 338 |
|
|
|a volume
|b nc
|2 rdacarrier
|
| 650 |
|
0 |
|a South African poetry (English)
|
| 999 |
|
|
|a MARS
|
| 999 |
f |
f |
|s 77109853-90d3-39ac-8c93-10c812701e4d
|i 4808e237-89fd-30fe-bd7a-60c11ce9bebf
|t 0
|
| 952 |
f |
f |
|p ric
|a Texas A&M University
|b Rellis Campus
|c Joint Library Facility
|d Remote Storage
|t 0
|e PR9864 .B8
|h Library of Congress classification
|i unmediated -- volume
|m A14801290663
|
| 998 |
f |
f |
|a PR9864 .B8
|t 0
|l Remote Storage
|